02404nam a22001457a 450000500170000000800410001704000220005808200220008010000320010224501230013426000770025730000340033450518200036860000700218820220707214154.0220707b |||||||| |||| 00| 0 eng d cBiblioteca Lado V a784.188.6bAF258a aUniversity of KwaZulu-Natal aafrican contemporary dance?:bquestioning issues of a performance aesthetic for a developing and independent continent aSudáfricabCenter for Creative Arts, University of KwaZulu-Natalc2004 a104 p.bil. (col)c30 x 21 cm tAcknowledgments tBiographies of Conference Delegates tOpening Night Adress of the 8th JOMBA! Contemporary Dance ExperiencerLiane Loots - Artistic Director JOMBA!tConference IntroductionrLiane Loots and Miranda Young-JahangeertConference Proceeding tDay OnerPeter Rorvik - Director: Center for Creative ArtsrLiane LootsrJay PatherrAdrienne SichelrGregory MaqomarFaustin LinyekulatDay twotSession One: Defining a contemporary African dance aesthetic - can it be done?rAdrienne SichelrGilbert DouglasrAdedayo Liadi, Kettly NoëlrReginald DansterrAugusto CuvilastSession Two: The JOMBA! Young Choreographers engage the title: Defining a contemporary African dance aesthetic - can it be done?rDavid GouldierNtombi GasarMdu MtshalirMusa HlatshwayorSiyanda DumatDay TreetSession One: Teaching African Contemporary Dance - how is it different?rSbonakaliso NdabarAdedayo LiadirFaustin Linyekula tSession Two: Training and African Contemporary Dance rAdrienne SichelrSbonakaliso NdabarAdedayo LiadirFaustin Linyekula tSession Three: Durban choreographers speak to their notion of creating socially aware and critical dance work in South AfricarPatricia Opondo rDavid GouldierLiane LootsrOndine Bello rJay PathertDay four tSession One: Cultural Dance Collaboration - is it possible for the North and South to meet on equal terms to make work about/for Africa?rLiane LootsrFeri de Geus rKettly NoëlrFaustin LinyekulatSession Two: Europe funds Africa: Finding an equal relationship? (How does foreign funding impact on African dancers and choreographers making work for and about their contexts?)rAdrienne SichelrPeter RorvikrMargriet LeemhuisrGeorgina Thompson rJanine DreyerrBénédicte Alliot tConcluding RemarksrMiranda Young-Jahangeer - Conference Co-ordinator  xDanza - África xcoreografía - Sudáfricaxartes escénicas